000 00528nam a2200169Ia 4500
005 20250508151432.0
008 008 250505s9999 xx 000 0 eng d
037 _aTextual
040 _aFEDL
_beng
_cFEDL
041 _aeng
_2eng
084 _a371.32, INT
_qFEDL
245 0 _aSchool text-book revision and international understanding
260 _aParis, France
_bInternational Institute of Intellected Co-operation
_c1931
300 _axiii,192p.
942 _cTEXL
_h371.32, INT
999 _c1329774
_d1329774